| 000 | 00464nam a2200169Ia 4500 | ||
|---|---|---|---|
| 999 |
_c12206 _d12206 |
||
| 003 | OSt | ||
| 005 | 20201005140714.0 | ||
| 008 | 190216s9999||||xx |||||||||||||| ||und|| | ||
| 040 | _coclc | ||
| 082 |
_a823.6 _bSMO/H |
||
| 100 |
_aSmollett, Tobias _94963 |
||
| 245 | 0 |
_aHumphry Clinker / _cTobias Smollett |
|
| 260 |
_bHeron Books, _c1967. _aLondon: |
||
| 300 | _a350p | ||
| 650 | _aSpeeches | ||
| 942 |
_cBK _2ddc _h823.6 _iSMO/H _k823.6 _mSMO/H |
||